| 000 | 00637nam a2200181Ia 4500 | ||
|---|---|---|---|
| 008 | 190427s9999 xx 000 0 und d | ||
| 100 | _aSira, Natalia | ||
| 245 | _aBuilding aliance for pre-school inclusion: Parents of typically developing children, attitudes and perceptions/ | ||
| 245 | _cNatalia Sira, Erica Maine and Sarah McNeil.-- | ||
| 260 | _bTaylor and Francis Group | ||
| 260 | _c2018 | ||
| 300 | _apages 32-49, January-March 2018 | ||
| 440 |
_aJournal of Early Childhood Teacher Education _v39(1) |
||
| 650 | _aDay Care Teacher | ||
| 650 | _aEarly Childhood | ||
| 650 | _aInclusion | ||
| 650 | _aParenting Education | ||
| 999 |
_c361693 _d361693 |
||